000 00589nam a2200169Ia 4500
008 090711s9999 xx 000 0 und d
082 _b2495
100 _aनेने विष्णु ग.
245 _a"पंSाकरण , पंSाीकरण मराठी"
260 _c1929
300 _a249
600 _aनेने विष्णु ग.
630 _a"पंSाकरण , पंSाीकरण मराठी"
700 _aनेने विष्णु ग.
730 _a"पंSाकरण , पंSाीकरण मराठी"
942 _cBOOK
999 _c282060
_d282060